000 00500nam a2200169Ia 4500
999 _c26334
_d26334
003 OSt
005 20201125151551.0
008 190216s9999||||xx |||||||||||||| ||und||
040 _coclc
082 _a920
_bUNI/C
100 _aUniversity, Calicut
_9635
245 0 _aC H Mohammed Koya Smranakal /
_cCalicut university
260 _bCalicut University Publications,
_acalicut;
_c1987.
300 _a196p
650 _aOormakurip
942 _cBK
_2ddc
_h920
_iUNI/C
_k920
_mUNI/C